| 000 | 00645nam a22001697a 4500 | ||
|---|---|---|---|
| 999 |
_c61028 _d61028 |
||
| 005 | 20231208154611.0 | ||
| 008 | 231208s1984 ru ||||| |||| 00| 0 rus d | ||
| 041 | _arus | ||
| 080 | _a72.03 A-87 | ||
| 245 |
_a Архитектура / _cПод ред. Б.Я. Орловского. |
||
| 250 | _aиздание второе, переработанное и дополненное | ||
| 264 |
_aМосква: _bВысшая школа, _c1984. |
||
| 300 |
_a288 с.: _bил.; _c23 см. |
||
| 653 | _aარქიტექტურა | ||
| 700 |
_aОрловский, Б. Я. _eრედაქრორი _919596 |
||
| 942 |
_2udc _cᲬᲘᲒᲜᲘ |
||